Tendence makroekonomického vývoje v r.1994 a výhled pro rok 1995
Hodnotenie vývoja českej ekonomiky v I. polroku 1994. Odhady makroekonomického vývoja pre II. polrok 1994. Predpoklady vývoja HDP v r.1995. Situácia v zahraničnom obchode. Predpoklady vývoja vonkajších ekonomických vzťahov v r.1995. Úvahy o trhu práce v r.1995. Ciele finančnej politiky pre rok 1995.
Gespeichert in:
| 1. Verfasser: | |
|---|---|
| Format: | Buchkapitel |
| Sprache: | Tschechisch |
| Schlagworte: | |
| Tags: |
Keine Tags, Fügen Sie das erste Tag hinzu!
|
MARC
| LEADER | 00000naa a2200000 4500 | ||
|---|---|---|---|
| 001 | r024093 | ||
| 005 | 20221205090629.0 | ||
| 041 | 0 | |a cze | |
| 044 | |a CZ | ||
| 245 | 1 | 0 | |a Tendence makroekonomického vývoje v r.1994 a výhled pro rok 1995 |c Slavoj Czesaný |
| 520 | |a Hodnotenie vývoja českej ekonomiky v I. polroku 1994. Odhady makroekonomického vývoja pre II. polrok 1994. Predpoklady vývoja HDP v r.1995. Situácia v zahraničnom obchode. Predpoklady vývoja vonkajších ekonomických vzťahov v r.1995. Úvahy o trhu práce v r.1995. Ciele finančnej politiky pre rok 1995. | ||
| 610 | 2 | 0 | |a politika hospodárska |
| 610 | 2 | 0 | |a Česko |
| 610 | 2 | 0 | |a vývoj hospodársky |
| 610 | 2 | 0 | |a makroekonomika |
| 610 | 2 | 0 | |a 1993 |
| 610 | 2 | 0 | |a 1994 |
| 610 | 2 | 0 | |a ukazovatele ekonomické |
| 610 | 2 | 0 | |a produkt domáci hrubý |
| 100 | 1 | |a Czesaný, Slavoj | |